| 000 | 01025nam0a22003011 4500 | ||
|---|---|---|---|
| 001 | rc\4970040 | ||
| 005 | 20250613052232.0 | ||
| 021 |
_aRU _b[63-68394] |
||
| 035 | _a(NLR Aleph) 008963115 | ||
| 090 |
_a9076920 _c9076920 |
||
| 100 | _a20130426d1963 |||y0rusy50 ca | ||
| 101 | 0 | _arus | |
| 102 | _aRU | ||
| 105 | _aa z |||a| | ||
| 200 | 1 |
_aКоллекция геолога Картье _eРоман _f[Ил.: Б. Жутовский |
|
| 210 |
_aМосква] _cМол. гвардия _d1963 |
||
| 215 |
_a415 с. _cил. _d21 |
||
| 225 | 1 | _aФантастика. Приключения. Путешествия | |
| 608 |
_aПриключенческие романы и рассказы (х. л.) _2psbo |
||
| 700 | 1 |
_aРыкачев _bЯ. С. _gЯков Семенович |
|
| 701 | 1 |
_aТисов _bЛ. Н. _gЛев Николаевич |
|
| 702 | 1 |
_aЖутовский _bБ. _4440 |
|
| 801 | 0 |
_aRU _bNLR _gpsbo |
|
| 801 | 1 |
_aRU _bELAR _2rusmarc |
|
| 852 |
_aNLR _j63-3/4899 |
||
| 942 | _cBOOK | ||
| 980 | _aNB | ||